Pengantar pentadbiran awam (Record no. 2925)

000 -LEADER
fixed length control field nam a22 a 4500
005 - DATE AND TIME OF LATEST TRANSACTION
control field 20170518160930.0
008 - FIXED-LENGTH DATA ELEMENTS--GENERAL INFORMATION
fixed length control field 170518s1983 my ||||| |||| 00| 0 eng d
020 ## - INTERNATIONAL STANDARD BOOK NUMBER
International Standard Book Number 9676100048
040 ## - CATALOGING SOURCE
Original cataloging agency AKMAL
082 ## - DEWEY DECIMAL CLASSIFICATION NUMBER
Classification number 658 AHM
090 ## - LOCALLY ASSIGNED LC-TYPE CALL NUMBER (OCLC); LOCAL CALL NUMBER (RLIN)
Classification number (OCLC) (R) ; Classification number, CALL (RLIN) (NR) 658
Local cutter number (OCLC) ; Book number/undivided call number, CALL (RLIN) AHM
100 0# - MAIN ENTRY--PERSONAL NAME
Personal name Ahmad Atory Hussain.
9 (RLIN) 6129
245 10 - TITLE STATEMENT
Title Pengantar pentadbiran awam
Statement of responsibility, etc. Ahmad Atory Hussain.
260 ## - PUBLICATION, DISTRIBUTION, ETC.
Place of publication, distribution, etc. Jalan Chan Sow Lin, Kuala Lumpur
Name of publisher, distributor, etc. Utusan Printcorp Sdn. Bhd
Date of publication, distribution, etc. 1983
300 ## - PHYSICAL DESCRIPTION
Extent 198p
Dimensions 22cm
520 ## - SUMMARY, ETC.
Summary, etc. Civil service and public administration in Malaysia.
546 ## - LANGUAGE NOTE
Language note In Malay.
942 ## - ADDED ENTRY ELEMENTS (KOHA)
Source of classification or shelving scheme
Koha item type Book
Holdings
Withdrawn status Lost status Source of classification or shelving scheme Damaged status Not for loan Collection code Home library Current library Shelving location Date acquired Inventory number Total Checkouts Full call number Barcode Date last seen Price effective from Koha item type
          NON-FICTION AKMAL Melaka AKMAL Melaka PINJAMAN 18.05.2017 600173   658 AHM 201703656 18.05.2017 18.05.2017 Book
Pusat Sumber Maklumat Dato' Haji Sarmin Md Hussin, Akademi Kastam Diraja Malaysia, Melaka
Tel: 06-2331106 | Faks: 06-2313787